000 00699nam a2200265Ia 4500
005 20260121170021.0
008 008 260114s9999 xx 000 0 eng d
020 _a9789811000362
037 _aEBOOK
040 _aCRL
040 _beng
040 _cCRL
041 _2eng
041 _aeng
084 _qCRL
100 _aNoor Zahirah Mohd Sidek, Siti Meriam Ali, Mahazir Ismail
_91058779
245 0 _aProceedings of the ASEAN Entrepreneurship Conference 2014
260 _bSpringer
260 _bSpringer
260 _c2016
856 _uhttps://link.springer.com/openurl?genre=book&isbn=978-981-10-0036-2
942 _cEBOOK
999 _c1624508
_d1624508